<?xml version="1.0" encoding="UTF-8"?>
<record
    xmlns:xsi="http://www.w3.org/2001/XMLSchema-instance"
    xsi:schemaLocation="http://www.loc.gov/MARC21/slim http://www.loc.gov/standards/marcxml/schema/MARC21slim.xsd"
    xmlns="http://www.loc.gov/MARC21/slim">

  <leader>01119nab a2200229 i 4500</leader>
  <controlfield tag="001">768714001</controlfield>
  <controlfield tag="003">CO-MdFUSB</controlfield>
  <controlfield tag="005">20240731143016.0</controlfield>
  <controlfield tag="008">240731t1988    -us||||| |||| 00| 0 eng d</controlfield>
  <datafield tag="040" ind1=" " ind2=" ">
    <subfield code="b">spa</subfield>
    <subfield code="c">CO-MdFUSB</subfield>
    <subfield code="d">CO-MdFUSB</subfield>
  </datafield>
  <datafield tag="041" ind1=" " ind2=" ">
    <subfield code="a">eng</subfield>
  </datafield>
  <datafield tag="100" ind1=" " ind2=" ">
    <subfield code="a">McClung, Grant, </subfield>
    <subfield code="e">autor</subfield>
  </datafield>
  <datafield tag="245" ind1=" " ind2=" ">
    <subfield code="a">Theology and strategy of pentecostal missions </subfield>
    <subfield code="c">/ Grant McClung</subfield>
  </datafield>
  <datafield tag="520" ind1=" " ind2=" ">
    <subfield code="a">Para escribir la rese&#xF1;a introductoria del International Bulletin of Missionary Research, los editores le pidieron  a McClung, que resumiera los factores de crecimiento desde su perspectiva sobre la Iglesia Pentecostal. El da respuestas directas a tres preguntas: (1) &#xBF;Qu&#xE9; creen? (2) &#xBF;A qui&#xE9;n reclutan? (3) &#xBF;C&#xF3;mo hacen las cosas?.</subfield>
  </datafield>
  <datafield tag="546" ind1=" " ind2=" ">
    <subfield code="a">Texto en ingl&#xE9;s.</subfield>
  </datafield>
  <datafield tag="650" ind1=" " ind2="0">
    <subfield code="a">Evangelizaci&#xF3;n</subfield>
    <subfield code="9">362</subfield>
  </datafield>
  <datafield tag="650" ind1=" " ind2="0">
    <subfield code="a">Protestantismo</subfield>
    <subfield code="9">947</subfield>
  </datafield>
  <datafield tag="650" ind1=" " ind2="0">
    <subfield code="a">Teolog&#xED;a pr&#xE1;ctica</subfield>
    <subfield code="9">180</subfield>
  </datafield>
  <datafield tag="773" ind1="0" ind2=" ">
    <subfield code="0">49483</subfield>
    <subfield code="9">82885</subfield>
    <subfield code="o">R2713</subfield>
    <subfield code="t">International Bulletinof Missionary Research</subfield>
    <subfield code="w">(CO-MdFUSB)768714001</subfield>
    <subfield code="x">0272-6122</subfield>
    <subfield code="g">Volumen 12, (n&#xFA;mero 1, 1988), p&#xE1;ginas: 2 - 6</subfield>
    <subfield code="q">p&#xE1;gina: 2</subfield>
  </datafield>
  <datafield tag="942" ind1=" " ind2=" ">
    <subfield code="c">ANA</subfield>
  </datafield>
  <datafield tag="945" ind1=" " ind2=" ">
    <subfield code="a">Catherine Arias &#xC1;lvarez - Practicante SENA</subfield>
  </datafield>
  <datafield tag="999" ind1=" " ind2=" ">
    <subfield code="c">70647</subfield>
    <subfield code="d">70647</subfield>
  </datafield>
</record>
